000 01328nam a2200265Ia 4500
999 _c3937
_d3937
003 OSt
005 20200505110608.0
008 191128s2015 ck ao gr 000 0 spa d
020 _a9789585888760
040 _aCO-JMCR
_cCO-JMCR
041 1 _aspa
082 0 4 _a305.90695 /
_bT553t
245 0 _a¡Tiberio vive hoy! : testimonios de la vida de un mártir, Tiberio Fernández Mafla /
245 0 _cHabitantes de Trujillo (Valle) ; diseño Lina M. Trigos C.
250 _aSegunda edición
260 _aBogotá :
_bCentro de Memoria Histórica,
_c2015
300 _a172 páginas :
_bfotografías ;
_c28 cm.
505 _aTrujillo escenario de terror y muerte -- La familia donde crecí vida vivida -- Sueños y resistencia, evangelio hecho vida -- Trujillo, una gota de esperanza en un mar de impunidad
520 _aEste libro es ante todo una construcción colectiva en la cual,de puño y letra de los miembros de la comunidad,se registra el impacto del asesinato del padre Tiberio Fernándes Mafla, un lider a la vez religioso,social y se documentan las huellas de memoria
650 1 4 _aFernández Mafla, Tiberio
_xmuerte
_93916
650 2 4 _aVíctimas de la violencia
_zTrujillo
_93917
650 2 4 _aHistoria
_zTrujillo, Colombia
_93918
700 1 _aTrigos, C., Lina M.,
_ediseñadora
_93919
942 _2ddc
_cBK